00911nam a2200241 a 4500001001000000005001700010008004100027050002200068100003900090245013800129250006200267260003400329300002400363500002700387500003400414500000900448650003100457700003200488902000800520942001100528999001500539952011500554BRCA_265120190320203916.0011208s1918----enka---###---#000-0#eng-u 4aNK4215b.Ch3 19181 aChaffers, Williamd1811-18929727210aThe new collector´s hand-book of marks and monograms on pottery & porcelain of the renaissance and modern periodscWilliam Chaffers. aNew. rev. and considerably aum.bby Frederick Litchfield. aLondonbReeves & Turnerc1918 a360 p.bil.c20 cm. aCon mas de 500 marcas. aIncluye índice analítico. aA10014aMarcas de cerámica972251 aLitchfield, Frederick97531 aGFM 2lcccB c2391d2391 00104070aBRCAbBRCAd2008-12-01iA100l0oNK4215 .Ch3 1918 (A100)p2648r2019-03-22 00:00:00w2019-03-22yB